Haru. Spring / Joe Latham.
Available copies
- 2 of 2 copies available at LARL/NWRL Consortium.
- 2 of 2 copies available at Lake Agassiz Regional Library. (Show preferred library)
Current holds
0 current holds with 2 total copies.
Show Only Available Copies
| Location | Call Number / Copy Notes | Barcode | Shelving Location | Status | Due Date |
|---|---|---|---|---|---|
| Ada Public Library | J G LAT (Text) | 33500013976113 | Main | Available | - |
| Moorhead Public Library | J G LAT (Text) | 33500014381966 | Main | Available | - |
Record details
- ISBN: 1524884731
- ISBN: 9781524884734
- ISBN: 152488961X
- ISBN: 9781524889616
- Physical Description: 267 pages : color illustrations ; 24 cm.
- Publisher: Kansas City, Missouri : Andrews McMeel Publishing, 2024.
Content descriptions
| Summary, etc.: | "In The Valley, best friends Haru and Yama both ... Read More |
Search for related items by subject
| Genre: | Animal comics. Action and adventure comics. |
Search for related items by series
| LDR | 02933cam a2200625 i 4500 | ||
|---|---|---|---|
| 001 | 429300 | ||
| 003 | LARL_NWRL_CONSORTIUM | ||
| 005 | 20240325170554.0 | ||
| 008 | 230625s2024 moua j 6 000 0 eng d | ||
| 010 | . | ‡a 2023942362 | |
| 040 | . | ‡aYDX ‡beng ‡erda ‡cYDX ‡dOCLCO ‡dAZH ‡dHBP ‡dOCLCO ‡dOCO ‡dJTH ‡dGO3 ‡dOCLCO ‡dVP@ | |
| 019 | . | ‡a1385450857 | |
| 020 | . | ‡a1524884731 | |
| 020 | . | ‡a9781524884734 | |
| 020 | . | ‡a152488961X | |
| 020 | . | ‡a9781524889616 | |
| 035 | . | ‡a(OCoLC)1385448935 ‡z(OCoLC)1385450857 | |
| 082 | 4. | ‡a741.5973 ‡223 | |
| 100 | 1 | . | ‡aLatham, Joe, ‡c(writer), ‡eauthor, ‡eillustrator. |
| 245 | 1 | 0. | ‡aHaru. ‡pSpring / ‡cJoe Latham. |
| 246 | 3 | . | ‡aSpring |
| 264 | 1. | ‡aKansas City, Missouri : ‡bAndrews McMeel Publishing, ‡c2024. | |
| 300 | . | ‡a267 pages : ‡bcolor illustrations ; ‡c24 cm. | |
| 336 | . | ‡atext ‡btxt ‡2rdacontent | |
| 336 | . | ‡astill image ‡bsti ‡2rdacontent | |
| 337 | . | ‡aunmediated ‡bn ‡2rdamedia | |
| 338 | . | ‡avolume ‡bnc ‡2rdacarrier | |
| 490 | 0 | . | ‡aHaru ; ‡v1 |
| 520 | . | ‡a"In The Valley, best friends Haru and Yama both dream of leaving as they're bullied at school, frustrated at home, and struggling to figure out who they are. One day, a powerful artifact connects itself to Yama, and they discover that they'll have to journey to The Beacon in search of answers. Created by artist Joe Latham, this beautifully illustrated graphic novel series is a coming-of-age tale that spans the changing of seasons. Beginning in spring and ending in spring--the cycle complete. A story of heart, growing up, and the sacrifices we make for those we love, Haru is perfect for middle-grade readers."--Amazon. | |
| 650 | 0. | ‡aBoars ‡vComic books, strips, etc. | |
| 650 | 0. | ‡aBirds ‡vComic books, strips, etc. | |
| 650 | 0. | ‡aAntiquities ‡vComic books, strips, etc. | |
| 650 | 0. | ‡aSeasons ‡vComic books, strips, etc. | |
| 650 | 0. | ‡aQuests (Expeditions) ‡vComic books, strips, etc. | |
| 650 | 0. | ‡aBoars ‡vJuvenile fiction. | |
| 650 | 0. | ‡aBirds ‡vJuvenile fiction. ‡0(LARL_NWRL_CONSORTIUM)168961 | |
| 650 | 0. | ‡aAntiquities ‡vJuvenile fiction. | |
| 650 | 0. | ‡aSeasons ‡vJuvenile fiction. | |
| 650 | 0. | ‡aQuests (Expeditions) ‡vJuvenile fiction. | |
| 655 | 7. | ‡aAnimal comics. ‡2lcgft | |
| 655 | 7. | ‡aAction and adventure comics. ‡2lcgft | |
| 901 | . | ‡a429300 ‡bOCoLC ‡c429300 ‡tbiblio ‡soclc | |

Add to basket
Permalink
Disable Highlighting